=LDR 00000nam 2200000 4500 =001 INLIS000000000006224 =005 20130612094400 =008 ***********************************Ind** =035 ##$$0010-061300000006224 =041 ##$$a Ind =082 ##$$a 4x0 =090 ##$$a 4x0, Lap p =100 ##$$a Lapoliwa, Hans =245 ##$$a Pengantar Fonologi, Fonetik, Hans Lapoliwa =260 ##$$a 1988 $b Jakarta =300 ##$$a x, 113 hlm, 21 cm =650 ##$$a Fonologi =850 ##$$a NBPNMAT